[Event "BL 1314 SC Viernheim - SV Mülheim Nord"]
[Site "?"]
[Date "2014.02.22"]
[Round "9.5"]
[White "Feygin, Michael"]
[Black "Carbonnel, Pierre"]
[Result "1-0"]
[WhiteElo "2496"]
[BlackElo "2206"]
[PlyCount "55"]
[EventDate "2014.??.??"]

1. e4 c5 2. Nf3 d6 3. d4 cxd4 4. Nxd4 Nf6 5. Nc3 g6 6. Be3 Bg7 7. f3 Nc6 8. Qd2
O-O 9. Bc4 Bd7 10. O-O-O Rc8 11. Bb3 Nxd4 12. Bxd4 b5 13. h4 a5 14. h5 a4 15.
Bxf6 exf6 16. Bd5 f5 17. hxg6 hxg6 18. g4 fxg4 19. fxg4 Re8 20. Bxf7+ Kxf7 21.
Rdf1+ Kg8 22. Qh2 Qg5+ 23. Rf4 Bf5 24. gxf5 Be5 25. Nd5 Rc7 26. Kb1 Bxf4 27.
Qh8+ Kf7 28. Rh7# 1-0

[Event "BL 1314 SC Viernheim - SV Mülheim Nord"]
[Site "?"]
[Date "2014.02.22"]
[Round "9.6"]
[White "Jacob, Volker"]
[Black "Levin, Felix"]
[Result "0-1"]
[WhiteElo "2279"]
[BlackElo "2489"]
[PlyCount "60"]
[EventDate "2014.??.??"]

1. d4 d5 2. c4 dxc4 3. Nf3 Nf6 4. Nc3 e6 5. e4 Bb4 6. Qc2 b5 7. e5 Nd5 8. Bd2
Bxc3 9. bxc3 Bb7 10. h4 Qe7 11. h5 h6 12. Rh3 Nd7 13. Rg3 f5 14. exf6 N5xf6 15.
Ne5 Nxe5 16. dxe5 Ne4 17. Rg4 Nxd2 18. Qxd2 Bd5 19. Qe3 Rf8 20. Rd1 c6 21. Rdd4
O-O-O 22. Be2 Rf7 23. Rg6 Kb7 24. Rdg4 Rd7 25. Kf1 Qa3 26. Kg1 Qxa2 27. Bf1 Qb1
28. f3 Qf5 29. Rh4 a5 30. Be2 a4 0-1

[Event "BL 1314 SC Viernheim - SV Mülheim Nord"]
[Site "?"]
[Date "2014.02.22"]
[Round "9.7"]
[White "Saltaev, Mihail"]
[Black "Spiegel, Stefan"]
[Result "1-0"]
[WhiteElo "2493"]
[BlackElo "2231"]
[PlyCount "91"]
[EventDate "2014.??.??"]

1. e4 Nf6 2. e5 Nd5 3. d4 d6 4. c4 Nb6 5. exd6 exd6 6. Nc3 Be7 7. Nf3 Nc6 8.
Be2 Bf5 9. d5 Ne5 10. Nd4 Bd7 11. b3 c6 12. a4 c5 13. Nc2 f5 14. f4 Ng4 15. O-O
O-O 16. h3 Nh6 17. Bd2 Bf6 18. Bd3 g6 19. Qf3 Qe7 20. Rae1 Qg7 21. Nb5 Bxb5 22.
cxb5 Rfe8 23. Re6 Rad8 24. a5 Nc8 25. Bc4 Kf8 26. Rfe1 Ng8 27. g4 Rxe6 28. Rxe6
fxg4 29. hxg4 Nge7 30. Kg2 Kg8 31. Be1 Rf8 32. Qe4 Rf7 33. a6 b6 34. Bg3 Bc3
35. Be2 Bb2 36. Ne3 Qc3 37. Bh4 Kf8 38. Nc4 Bc1 39. Bg5 Qxb3 40. Nxd6 Nxd6 41.
Rxd6 Qe3 42. Rd8+ Kg7 43. Qxe3 Bxe3 44. d6 Nd5 45. d7 Bxf4 46. Rg8+ 1-0

[Event "BL 1314 SC Viernheim - SV Mülheim Nord"]
[Site "?"]
[Date "2014.02.22"]
[Round "9.8"]
[White "Mueller, Michael"]
[Black "Zwirs, Nico"]
[Result "1-0"]
[WhiteElo "2219"]
[BlackElo "2288"]
[PlyCount "145"]
[EventDate "2014.??.??"]

1. d4 Nf6 2. Nf3 g6 3. Bf4 Bg7 4. e3 O-O 5. h3 d6 6. Bc4 Nbd7 7. O-O b6 8. Nbd2
Bb7 9. Qe2 a6 10. a4 Qe8 11. Rfd1 e5 12. dxe5 dxe5 13. Bg5 Nc5 14. Bb3 Nh5 15.
e4 h6 16. Be3 Nxe4 17. Nxe4 Bxe4 18. a5 Nf4 19. Bxf4 exf4 20. axb6 cxb6 21. Rd6
Bxb2 22. Ra2 Bg7 23. Rxb6 a5 24. Nd2 Qd8 25. Nc4 Bd5 26. Rb5 a4 27. Rxa4 Rxa4
28. Bxa4 Bxg2 29. Kxg2 Qa8+ 30. Qf3 Qxa4 31. Qb3 Qa8+ 32. Qf3 Qa4 33. Qb3 Qa8+
34. Qf3 Qc8 35. Qd5 Qe6 36. Qxe6 fxe6 37. Rc5 f3+ 38. Kg3 Bd4 39. Rc6 Rf6 40.
h4 g5 41. h5 Kf7 42. c3 Bxc3 43. Nd6+ Ke7 44. Nc8+ Kd7 45. Rxc3 e5 46. Na7 e4
47. Nb5 Rf4 48. Na3 Rh4 49. Nc4 Ke6 50. Ne3 Rxh5 51. Rc6+ Ke5 52. Ng4+ Kd5 53.
Rc1 Rh4 54. Rd1+ Kc4 55. Ne3+ Kc3 56. Nf5 Rf4 57. Nxh6 Kc2 58. Ra1 Kd2 59. Ng4
Rf5 60. Ne3 Rb5 61. Rd1+ Kc3 62. Nd5+ Kc4 63. Nf6 Re5 64. Re1 Kd4 65. Re3 Re6
66. Nh7 Ke5 67. Kg4 Rg6 68. Ra3 Rd6 69. Nxg5 Rd4 70. Kg3 Rd1 71. Ra5+ Kd4 72.
Ra4+ Kd5 73. Nxe4 1-0

[Event "BL 1314 SV Griesheim - SV Wattenscheid"]
[Site "?"]
[Date "2014.02.22"]
[Round "9.1"]
[White "Najer, Evgeniy"]
[Black "Piorun, Kacper"]
[Result "1-0"]
[WhiteElo "2646"]
[BlackElo "2573"]
[PlyCount "89"]
[EventDate "2014.??.??"]

1. e4 e5 2. Nf3 Nc6 3. Bb5 g6 4. c3 a6 5. Ba4 Nge7 6. d4 exd4 7. cxd4 b5 8. Bc2
Bg7 9. d5 Na5 10. Bd2 Bxb2 11. Bxa5 Bxa1 12. Nc3 Bb2 13. d6 Nc6 14. Nd5 O-O 15.
Bxc7 Qe8 16. O-O Bb7 17. Re1 f6 18. Qd2 Kg7 19. Bb3 Be5 20. Ne3 Bf4 21. Bd5 Kh8
22. Qb2 Bh6 23. a4 b4 24. a5 Bg7 25. Qb1 Rc8 26. h4 Rxc7 27. dxc7 Qc8 28. h5
Qxc7 29. hxg6 hxg6 30. Nh4 Ne5 31. Qxb4 Rb8 32. Rb1 Nc6 33. Nxg6+ Kh7 34. Bxc6
Qxc6 35. Ne7 Qe6 36. N7d5 Bxd5 37. Qxb8 Bxe4 38. Qh2+ Bh6 39. Rb6 Qa2 40. Qd6
Bc6 41. Qxf6 Qxa5 42. Qf7+ Bg7 43. Nf5 Qe1+ 44. Kh2 Qe5+ 45. g3 1-0

[Event "BL 1314 SV Griesheim - SV Wattenscheid"]
[Site "?"]
[Date "2014.02.22"]
[Round "9.2"]
[White "Tazbir, Marcin"]
[Black "Bartel, Mateusz"]
[Result "0-1"]
[WhiteElo "2537"]
[BlackElo "2651"]
[PlyCount "116"]
[EventDate "2014.??.??"]

1. e4 c6 2. d4 d5 3. Nc3 dxe4 4. Nxe4 Bf5 5. Qf3 e6 6. c3 Nf6 7. Nxf6+ gxf6 8.
Ne2 Qd5 9. Qxd5 cxd5 10. Nf4 Nc6 11. Be2 O-O-O 12. g4 Bc2 13. Be3 Bd6 14. Nh5
Be7 15. Rc1 Be4 16. Rg1 Rhg8 17. Ng3 Bd6 18. f3 Bg6 19. f4 Ne7 20. Bf3 f5 21.
g5 h6 22. h4 hxg5 23. hxg5 Rh8 24. Kf2 Rh2+ 25. Bg2 Rdh8 26. Rh1 f6 27. gxf6
Ng8 28. Rxh2 Rxh2 29. c4 dxc4 30. Rxc4+ Kb8 31. Kg1 Rh4 32. d5 e5 33. f7 Nh6
34. Bc5 Nxf7 35. Ne2 Bh5 36. Ng3 Bg6 37. Ne2 e4 38. Bf2 Rh8 39. Be3 Nh6 40. Bh3
Ng8 41. Kg2 Ne7 42. Nc3 Rg8 43. Kf2 a6 44. Bc5 Bxc5+ 45. Rxc5 Rd8 46. Rc4 Bf7
47. Rd4 Kc7 48. a4 Kd6 49. Rb4 Bxd5 50. Nxd5 Nxd5 51. Rxb7 e3+ 52. Kf3 e2 53.
Kxe2 Nxf4+ 54. Kf3 Nxh3 55. Kg3 Ng5 56. Kf4 Ne6+ 57. Kxf5 Rf8+ 58. Kg6 Kc6 0-1

[Event "BL 1314 SV Griesheim - SV Wattenscheid"]
[Site "?"]
[Date "2014.02.22"]
[Round "9.4"]
[White "Grabarczyk, Miroslaw"]
[Black "Dragun, Kamil"]
[Result "0-1"]
[WhiteElo "2473"]
[BlackElo "2517"]
[PlyCount "110"]
[EventDate "2014.??.??"]

1. d4 Nf6 2. c4 g6 3. Nf3 Bg7 4. g3 O-O 5. Bg2 d6 6. Nc3 Nbd7 7. O-O c6 8. d5
Nb6 9. dxc6 bxc6 10. c5 dxc5 11. Ne5 Bb7 12. Nxc6 Qe8 13. Ne5 Bxg2 14. Kxg2 Rd8
15. Qc2 Nfd5 16. Nxd5 Rxd5 17. Nf3 Qb5 18. Rb1 Na4 19. e4 Rd3 20. Be3 Rfd8 21.
Rfd1 h6 22. Rxd3 Rxd3 23. e5 e6 24. Rc1 Kh7 25. h4 Kg8 26. b3 Nc3 27. Ne1 Qc6+
28. Kh2 Rxe3 29. fxe3 Bxe5 30. Qg2 Ne4 31. Nd3 Bxg3+ 32. Kh1 Bd6 33. Rc4 Ng3+
34. Kg1 Qb6 35. e4 Nh5 36. e5 Be7 37. Qa8+ Kg7 38. Qf3 Qd8 39. Nxc5 Bxc5+ 40.
Rxc5 Qxh4 41. Rc4 Qe1+ 42. Kg2 Qd2+ 43. Kf1 Qh2 44. a4 Ng3+ 45. Ke1 Nf5 46. Kd1
h5 47. Rc7 Qg1+ 48. Kd2 h4 49. a5 Qh2+ 50. Kc1 h3 51. Qb7 Qf4+ 52. Kb1 Nd4 53.
Rc1 h2 54. Rh1 Qd2 55. Qe4 Nb5 0-1

[Event "BL 1314 SV Griesheim - SV Wattenscheid"]
[Site "?"]
[Date "2014.02.22"]
[Round "9.5"]
[White "Rustemov, Alexander"]
[Black "Murdzia, Piotr"]
[Result "1-0"]
[WhiteElo "2525"]
[BlackElo "2437"]
[PlyCount "81"]
[EventDate "2014.??.??"]

1. d4 Nf6 2. Nf3 e6 3. c4 Bb4+ 4. Bd2 Qe7 5. g3 Nc6 6. Nc3 Bxc3 7. Bxc3 Ne4 8.
Qc2 Nxc3 9. Qxc3 O-O 10. Bg2 d6 11. d5 Nb8 12. dxe6 fxe6 13. O-O Nc6 14. b4 Qf6
15. Qd2 Bd7 16. b5 Ne7 17. a4 h6 18. Nd4 Rab8 19. e3 e5 20. Nb3 Be6 21. Qc3 Qf7
22. Nd2 Kh8 23. c5 Bd5 24. e4 Be6 25. Rac1 Rfd8 26. Rfd1 b6 27. cxd6 cxd6 28.
h3 Rbc8 29. Qe3 Rxc1 30. Rxc1 Rc8 31. Rd1 Rc5 32. Nf3 Nc8 33. Nh4 Kg8 34. Rd3
Qc7 35. Nf5 Rc1+ 36. Kh2 Rc2 37. Nxh6+ gxh6 38. Qxh6 Bf7 39. Rf3 Ne7 40. Rf6
Re2 41. Rxf7 1-0

[Event "BL 1314 SV Griesheim - SV Wattenscheid"]
[Site "?"]
[Date "2014.02.22"]
[Round "9.6"]
[White "Farago, Ivan"]
[Black "Appel, Ralf"]
[Result "0-1"]
[WhiteElo "2474"]
[BlackElo "2527"]
[PlyCount "94"]
[EventDate "2014.??.??"]

1. d4 Nf6 2. c4 d6 3. Nc3 e5 4. Nf3 Nbd7 5. e4 Be7 6. Be2 O-O 7. O-O c6 8. Be3
a6 9. d5 c5 10. Ne1 Ne8 11. Qd2 Nc7 12. a4 h6 13. a5 Bg5 14. Na4 Rb8 15. Nd3
Bxe3 16. Qxe3 Ne8 17. b4 cxb4 18. c5 dxc5 19. Naxc5 Nd6 20. Rfb1 Nxc5 21. Nxc5
Bd7 22. Nxd7 Qxd7 23. Rxb4 Rbc8 24. h3 Rc7 25. Rb6 Rd8 26. Rb4 Qe7 27. Rab1
Rdc8 28. Bg4 Rc3 29. Qe1 R8c5 30. Kh2 g6 31. R4b3 Rc2 32. R3b2 R2c4 33. Bf3 Qg5
34. g3 h5 35. Rb6 Qf6 36. R1b3 h4 37. Bg2 hxg3+ 38. fxg3 Rc2 39. Qe3 Rxa5 40.
Rb2 Ra2 41. Rxa2 Rxa2 42. Kg1 Nc4 43. Rxf6 Nxe3 44. Bf3 Nc4 45. Bg4 Kg7 46. Rf3
b5 47. Bd7 b4 0-1

[Event "BL 1314 SV Griesheim - SV Wattenscheid"]
[Site "?"]
[Date "2014.02.22"]
[Round "9.7"]
[White "Handke, Florian"]
[Black "Grabarczyk, Bogdan"]
[Result "1-0"]
[WhiteElo "2543"]
[BlackElo "2401"]
[PlyCount "81"]
[EventDate "2014.??.??"]

1. b3 d5 2. Bb2 Bg4 3. f3 Bf5 4. e3 Nd7 5. f4 Ngf6 6. Nf3 g6 7. Be2 Bg7 8. O-O
O-O 9. Nd4 c5 10. Nxf5 gxf5 11. c4 Qb6 12. Qc2 d4 13. Qxf5 Rae8 14. d3 dxe3 15.
Nc3 e5 16. Kh1 exf4 17. Rxf4 Ne5 18. Raf1 Ng6 19. Na4 Qa5 20. Bxf6 Bxf6 21.
Qxf6 Qd2 22. Qb2 Nxf4 23. Rxf4 f5 24. Rf1 a6 25. Rd1 Qxb2 26. Nxb2 b5 27. Kg1
Kg7 28. Kf1 Rf6 29. Bf3 Rd6 30. Ke2 f4 31. Rc1 b4 32. Na4 Re5 33. Bd5 Rg6 34.
Rf1 Rxd5 35. cxd5 Rxg2+ 36. Kf3 Rxh2 37. Rg1+ Kf6 38. Kxf4 e2 39. Re1 Rh5 40.
Nb6 Rh4+ 41. Ke3 1-0

[Event "BL 1314 SV Griesheim - SV Wattenscheid"]
[Site "?"]
[Date "2014.02.22"]
[Round "9.8"]
[White "Walter, Stefan"]
[Black "Hirneise, Tobias"]
[Result "0-1"]
[WhiteElo "2369"]
[BlackElo "2450"]
[PlyCount "110"]
[EventDate "2014.??.??"]

1. d4 d5 2. c4 c6 3. e3 Nf6 4. Nf3 Bf5 5. Nc3 a6 6. Qb3 Ra7 7. Bd2 e6 8. Nh4
Bg4 9. h3 Bh5 10. g4 Nfd7 11. Ng2 Bg6 12. Nf4 dxc4 13. Bxc4 b5 14. Be2 c5 15.
Rc1 Be7 16. Nxg6 hxg6 17. a4 cxd4 18. exd4 b4 19. Ne4 Rc7 20. O-O Nc6 21. Qc4
O-O 22. Bf4 Rc8 23. Rfd1 g5 24. Be3 Nf6 25. Qxa6 Nxd4 26. Rxc8 Nxe2+ 27. Qxe2
Qxc8 28. Bxg5 Qc6 29. Bxf6 Bxf6 30. b3 Be5 31. Qf3 Qc7 32. Kg2 Rc8 33. h4 Qe7
34. g5 Bb8 35. h5 Qc7 36. Ng3 Qe7 37. Ne4 Qc7 38. Ng3 Qe7 39. g6 f5 40. Rd3 Ba7
41. Qd1 Qb7+ 42. Kg1 Qc7 43. Kf1 Bb6 44. Rd6 Qc5 45. Qd2 f4 46. Rxb6 Qxb6 47.
Qd7 Qa6+ 48. Kg1 fxg3 49. Qf7+ Kh8 50. h6 Rc1+ 51. Kg2 Qf1+ 52. Kxg3 Qg1+ 53.
Kh3 Qh1+ 54. Kg3 Rg1+ 55. Kf4 Qxh6+ 0-1

[Event "BL 1314 SG Solingen - OSG Baden Baden"]
[Site "?"]
[Date "2014.02.22"]
[Round "9.1"]
[White "Anand, Viswanathan"]
[Black "Ragger, Markus"]
[Result "1-0"]
[WhiteElo "2773"]
[BlackElo "2646"]
[PlyCount "133"]
[EventDate "2014.??.??"]

1. d4 Nf6 2. c4 g6 3. Nf3 Bg7 4. e3 c5 5. d5 O-O 6. Nc3 d6 7. Be2 e6 8. O-O
exd5 9. cxd5 Bg4 10. h3 Bxf3 11. Bxf3 Na6 12. Bd2 Rc8 13. Qb3 c4 14. Qxb7 Nc5
15. Qb4 Rb8 16. Qa3 Rb6 17. Rab1 Qb8 18. Na4 Ra6 19. b3 Nfe4 20. Bxe4 Nxe4 21.
Qc1 Qb5 22. Bc3 Nxc3 23. Nxc3 Qb4 24. Na4 cxb3 25. axb3 Rb8 26. Qc7 Ra5 27.
Rfd1 Rab5 28. Qxa7 Be5 29. f4 Bf6 30. Nb2 Qxb3 31. Nd3 Qxb1 32. Rxb1 Rxb1+ 33.
Kh2 Re8 34. Qa2 Rb7 35. Qa6 Rd7 36. Nf2 Rdd8 37. Qd3 Bg7 38. g4 Rd7 39. g5 h5
40. gxh6 Bxh6 41. Ng4 Bg7 42. f5 gxf5 43. Qxf5 Rde7 44. Qf3 Re4 45. Kg2 Rxg4+
46. Qxg4 Rxe3 47. Qc8+ Bf8 48. h4 Re5 49. h5 Rxd5 50. h6 Rg5+ 51. Kf3 Rg6 52.
h7+ Kxh7 53. Qxf8 Rf6+ 54. Ke4 Rf1 55. Kd5 Rf5+ 56. Kxd6 Rf6+ 57. Kd7 Rf5 58.
Qd6 Rg5 59. Qf4 Kg6 60. Ke7 Rf5 61. Qg4+ Rg5 62. Qe4+ Rf5 63. Qd3 Kg5 64. Qg3+
Kh5 65. Ke8 Kh6 66. Qg4 Rf6 67. Kf8 1-0

[Event "BL 1314 SG Solingen - OSG Baden Baden"]
[Site "?"]
[Date "2014.02.22"]
[Round "9.2"]
[White "L'Ami, Erwin"]
[Black "Bacrot, Etienne"]
[Result "1/2-1/2"]
[WhiteElo "2649"]
[BlackElo "2738"]
[PlyCount "45"]
[EventDate "2014.??.??"]

1. d4 d5 2. c4 e6 3. Nf3 Nf6 4. Nc3 c5 5. cxd5 Nxd5 6. e4 Nxc3 7. bxc3 cxd4 8.
cxd4 Bb4+ 9. Bd2 Bxd2+ 10. Qxd2 O-O 11. Bc4 Nd7 12. O-O b6 13. Rad1 Bb7 14.
Rfe1 Rc8 15. Bb3 Qe7 16. Qf4 Qf6 17. Qg4 Rfd8 18. h4 Qg6 19. Qxg6 hxg6 20. Ng5
Ba6 21. e5 Bb7 22. f4 Nf8 23. Ne4 1/2-1/2

[Event "BL 1314 SG Solingen - OSG Baden Baden"]
[Site "?"]
[Date "2014.02.22"]
[Round "9.4"]
[White "Jussupow, Artur"]
[Black "Kasimdzhanov, Rustam"]
[Result "1/2-1/2"]
[WhiteElo "2582"]
[BlackElo "2698"]
[PlyCount "60"]
[EventDate "2014.??.??"]

1. d4 d5 2. Nf3 Nf6 3. e3 g6 4. c4 Bg7 5. Nc3 O-O 6. Qb3 e6 7. Bd2 b6 8. cxd5
exd5 9. Be2 Bb7 10. O-O Nbd7 11. Rfd1 Re8 12. Rac1 c6 13. a4 a5 14. Ne1 Nf8 15.
Nd3 Ne6 16. Bf1 h5 17. Ne2 Ne4 18. Nef4 N6g5 19. h4 Nh7 20. Be1 Nd6 21. g3 Nf8
22. Bg2 Rb8 23. Qa2 Nd7 24. b4 axb4 25. Nxb4 Rc8 26. Nxg6 fxg6 27. Nxc6 Qf6 28.
Qxd5+ Kh7 29. Bb4 Re6 30. Qa2 Ne4 1/2-1/2

[Event "BL 1314 SG Solingen - OSG Baden Baden"]
[Site "?"]
[Date "2014.02.22"]
[Round "9.5"]
[White "Shirov, Alexei"]
[Black "Wegerle, Joerg"]
[Result "1-0"]
[WhiteElo "2711"]
[BlackElo "2422"]
[PlyCount "79"]
[EventDate "2014.??.??"]

1. d4 e6 2. e4 d5 3. e5 c5 4. c3 Nc6 5. Nf3 Qb6 6. a3 Bd7 7. b4 cxd4 8. cxd4
Rc8 9. Bb2 Nh6 10. Nc3 Be7 11. Na4 Qd8 12. Nc5 Rc7 13. Bd3 Nb8 14. Rc1 O-O 15.
O-O Bc8 16. Rc3 b6 17. Na4 Rxc3 18. Nxc3 f5 19. exf6 Bxf6 20. Qc2 Nf5 21. Ne2
h6 22. Nf4 Ne7 23. Re1 Qd6 24. g3 Nbc6 25. Qe2 Nf5 26. Ng6 Ncxd4 27. Nxd4 Nxd4
28. Qe3 Nc2 29. Bxc2 Bxb2 30. Nxf8 Qxf8 31. Qd3 Qf6 32. Re3 g6 33. Qb5 Qf7 34.
Bxg6 Qxg6 35. Qc6 Ba6 36. Qa8+ Kh7 37. Qxa7+ Bg7 38. Qxa6 d4 39. Re1 e5 40. f3
1-0

[Event "BL 1314 SG Solingen - OSG Baden Baden"]
[Site "?"]
[Date "2014.02.22"]
[Round "9.6"]
[White "Schaefer, Markus"]
[Black "Nisipeanu, Liviu-Dieter"]
[Result "0-1"]
[WhiteElo "2396"]
[BlackElo "2691"]
[PlyCount "82"]
[EventDate "2014.??.??"]

1. e4 c5 2. Nf3 e6 3. d4 cxd4 4. Nxd4 a6 5. Bd3 Bc5 6. Nb3 Ba7 7. c4 Nc6 8. Nc3
Nf6 9. Qe2 Ne5 10. Bf4 d6 11. O-O Nfg4 12. Rad1 Qf6 13. Bg3 h5 14. Kh1 g5 15.
c5 dxc5 16. f3 Ne3 17. Qxe3 c4 18. Qd2 Nxd3 19. Nc1 h4 20. Bd6 e5 21. Nxd3 Qxd6
22. Nxe5 Qxd2 23. Rxd2 Be6 24. Nd5 Rc8 25. f4 Bb8 26. Nf6+ Ke7 27. Nd5+ Bxd5
28. Rxd5 Rhd8 29. Rfd1 Rxd5 30. exd5 f6 31. Ng4 Bxf4 32. Re1+ Kd6 33. Nxf6 Be5
34. Ne4+ Kxd5 35. Nc3+ Bxc3 36. bxc3 b5 37. a3 a5 38. Kg1 b4 39. axb4 axb4 40.
cxb4 c3 41. Kf2 Rf8+ 0-1

[Event "BL 1314 SG Solingen - OSG Baden Baden"]
[Site "?"]
[Date "2014.02.22"]
[Round "9.7"]
[White "Nielsen, Peter Heine"]
[Black "Hobusch, Jan"]
[Result "1-0"]
[WhiteElo "2652"]
[BlackElo "2117"]
[PlyCount "87"]
[EventDate "2014.??.??"]

1. c4 c6 2. Nf3 d5 3. e3 Nf6 4. Nc3 e6 5. Qc2 Nbd7 6. b3 Bd6 7. Bb2 O-O 8. Be2
Qe7 9. O-O Re8 10. Rfd1 a6 11. d4 b6 12. e4 dxe4 13. Nxe4 Nxe4 14. Qxe4 Bb7 15.
c5 Bc7 16. Rac1 b5 17. Ne5 Nf6 18. Qc2 Nd5 19. Bf3 Red8 20. Re1 a5 21. a3 b4
22. a4 Rac8 23. Re4 Bb8 24. Rce1 Ba6 25. Nc4 Bc7 26. g3 Qf6 27. Bg2 Qg6 28. Qe2
Qf6 29. Qd2 Rd7 30. Qc1 Rcd8 31. Ne5 Bxe5 32. dxe5 Qe7 33. Rd4 h6 34. Rg4 Kf8
35. Rd4 Kg8 36. h4 Bb7 37. Bf1 Bc8 38. Rg4 Kf8 39. Bd4 Bb7 40. h5 Bc8 41. Ree4
Nc3 42. Rxg7 Rxd4 43. Qxh6 Qxc5 44. Qg5 1-0

[Event "BL 1314 SG Solingen - OSG Baden Baden"]
[Site "?"]
[Date "2014.02.22"]
[Round "9.8"]
[White "Neumair, Jerome"]
[Black "Schlosser, Philipp"]
[Result "0-1"]
[WhiteElo "2104"]
[BlackElo "2613"]
[PlyCount "58"]
[EventDate "2014.??.??"]

1. d4 Nf6 2. c4 e6 3. Nc3 Bb4 4. f3 O-O 5. a3 Bxc3+ 6. bxc3 Ne8 7. e4 b6 8. Bd3
Ba6 9. Be3 Nc6 10. Qe2 Na5 11. e5 c5 12. f4 d5 13. cxd5 Bxd3 14. Qxd3 Qxd5 15.
Nf3 Rc8 16. O-O Qc4 17. Rfd1 cxd4 18. Bxd4 Nc7 19. Ng5 Qxd3 20. Rxd3 Nd5 21. g3
Nb3 22. Rad1 Nc5 23. Bxc5 Rxc5 24. Rc1 Rfc8 25. c4 h6 26. Ne4 Rxc4 27. Re1 Rc1
28. Kf2 R8c2+ 29. Re2 Rh1 0-1

[Event "BL 1314 SG Turm Trier - SV Hockenheim"]
[Site "?"]
[Date "2014.02.22"]
[Round "9.1"]
[White "Rapport, Richard"]
[Black "Bobras, Piotr"]
[Result "1-0"]
[WhiteElo "2679"]
[BlackElo "2515"]
[PlyCount "59"]
[EventDate "2014.??.??"]

1. d4 Nf6 2. Bf4 g6 3. Nc3 Bg7 4. e4 d6 5. Qd2 Nc6 6. O-O-O O-O 7. Bh6 e5 8.
Bxg7 Kxg7 9. d5 Nd4 10. Nge2 c5 11. Ng3 Bd7 12. Nb1 Rc8 13. h4 h5 14. Na3 b5
15. c3 b4 16. cxd4 bxa3 17. dxe5 axb2+ 18. Kxb2 dxe5 19. Ka1 Ne8 20. Qc3 Qf6
21. f4 Bg4 22. fxe5 Qf2 23. Be2 Bxe2 24. Rd2 Qf4 25. Nxe2 Qxe4 26. d6 Rb8 27.
e6+ f6 28. e7 Rf7 29. Ng3 Qf4 30. Rf1 1-0

[Event "BL 1314 SG Turm Trier - SV Hockenheim"]
[Site "?"]
[Date "2014.02.22"]
[Round "9.2"]
[White "Gonda, Laszlo"]
[Black "Buhmann, Rainer"]
[Result "1-0"]
[WhiteElo "2565"]
[BlackElo "2582"]
[PlyCount "73"]
[EventDate "2014.??.??"]

1. c4 c6 2. Nf3 d5 3. g3 Nf6 4. Bg2 e6 5. O-O Be7 6. d4 O-O 7. Qc2 b6 8. Rd1 a5
9. Nbd2 Ba6 10. Ne5 Nfd7 11. Nd3 Bf6 12. e3 Ra7 13. b3 c5 14. cxd5 cxd4 15. Ne4
exd5 16. Nxf6+ Nxf6 17. exd4 Ne4 18. Bf4 g5 19. Bxb8 Qxb8 20. Qc6 Re7 21. Qxd5
Rd8 22. Qf5 Bc8 23. Qf3 Qd6 24. Ne5 Bb7 25. Qh5 f6 26. Nc4 Qd7 27. d5 Qf5 28.
Qf3 Qg6 29. Ne3 Re5 30. Rac1 f5 31. Rc7 Nd6 32. Nc4 Nxc4 33. bxc4 Ba6 34. Rc6
Qe8 35. Qc3 f4 36. Rxb6 Bc8 37. Rbb1 1-0

[Event "BL 1314 SG Turm Trier - SV Hockenheim"]
[Site "?"]
[Date "2014.02.22"]
[Round "9.3"]
[White "Lenic, Luka"]
[Black "Cioara, Andrei-Nestor"]
[Result "1-0"]
[WhiteElo "2656"]
[BlackElo "2446"]
[PlyCount "109"]
[EventDate "2014.??.??"]

1. d4 e6 2. c4 Nf6 3. Nc3 Bb4 4. e3 O-O 5. Bd3 d5 6. Nf3 c5 7. O-O cxd4 8. exd4
dxc4 9. Bxc4 b6 10. Bg5 Bb7 11. Re1 Nbd7 12. Rc1 Rc8 13. Bd3 Bxc3 14. bxc3 Qc7
15. Bh4 Qf4 16. Bg3 Bxf3 17. Bxf4 Bxd1 18. Rexd1 Nb8 19. f3 Rfd8 20. Kf2 Nd5
21. Bd2 Rc7 22. c4 Ne7 23. Bc3 Nbc6 24. Rc2 Rcd7 25. Rcd2 Rc8 26. Be2 Nd8 27.
Bb2 Nb7 28. Bd3 g6 29. g4 Na5 30. Rc1 Nec6 31. Be2 Ne5 32. c5 bxc5 33. Rdc2
Nec6 34. Rxc5 Rb8 35. Bc3 Rd5 36. Rxd5 exd5 37. Bxa5 Nxa5 38. Rc5 Nc4 39. Rxd5
Rb2 40. Rc5 Nb6 41. Ra5 Kg7 42. g5 h6 43. h4 Nc8 44. Ke3 Ne7 45. Bd3 hxg5 46.
hxg5 Rg2 47. a4 Nc8 48. Rc5 Ne7 49. Be4 Kf8 50. Kf4 Rd2 51. Ke5 Rg2 52. Kd6 Rd2
53. d5 Rg2 54. Rc7 Ng8 55. f4 1-0

[Event "BL 1314 SG Turm Trier - SV Hockenheim"]
[Site "?"]
[Date "2014.02.22"]
[Round "9.4"]
[White "Galyas, Miklos"]
[Black "Baramidze, David"]
[Result "1/2-1/2"]
[WhiteElo "2421"]
[BlackElo "2607"]
[PlyCount "52"]
[EventDate "2014.??.??"]

1. d4 d5 2. c4 e6 3. Nc3 Nf6 4. cxd5 exd5 5. Bg5 c6 6. e3 Bf5 7. Qf3 Bg6 8.
Bxf6 Qxf6 9. Qxf6 gxf6 10. Nge2 Nd7 11. Nf4 Bd6 12. g3 Nb6 13. h4 h5 14. O-O-O
Bxf4 15. gxf4 Nc8 16. Ne2 Nd6 17. Ng3 Be4 18. Rg1 Bf3 19. Re1 Ke7 20. Bd3 Rag8
21. Nf5+ Ke6 22. Nxd6 Kxd6 23. Bf5 Bg4 24. Bd3 Bf3 25. Bf5 Bg2 26. Bd3 Bf3
1/2-1/2

[Event "BL 1314 SG Turm Trier - SV Hockenheim"]
[Site "?"]
[Date "2014.02.22"]
[Round "9.5"]
[White "Wagner, Dennis"]
[Black "Seger, Ruediger"]
[Result "1-0"]
[WhiteElo "2457"]
[BlackElo "2379"]
[PlyCount "117"]
[EventDate "2014.??.??"]

1. Nf3 Nf6 2. c4 g6 3. Nc3 d5 4. cxd5 Nxd5 5. Qb3 Nb6 6. d4 Bg7 7. Bf4 Be6 8.
Qa3 c5 9. e4 cxd4 10. Nb5 O-O 11. Nc7 Nc6 12. Nxa8 Qxa8 13. Rc1 f5 14. e5 Nd5
15. Bd2 Nxe5 16. Nxd4 Bf7 17. Be2 Nb6 18. Qh3 Nec4 19. Bc3 Na4 20. Nxf5 Nxc3
21. Rxc3 Bxc3+ 22. Qxc3 gxf5 23. Bxc4 Qc8 24. Qg3+ Kh8 25. Qe5+ Kg8 26. Bxf7+
Kxf7 27. O-O Qe6 28. Qa5 a6 29. Re1 Qd7 30. Qb4 e6 31. Qh4 Kg6 32. Qg3+ Kf7 33.
Qg5 Rc8 34. Qh6 Kg8 35. h3 Re8 36. Re3 Qf7 37. Rc3 Kh8 38. Qc1 Qf6 39. Rc7 Re7
40. Rxb7 Rxb7 41. Qc8+ Kg7 42. Qxb7+ Kf8 43. a4 a5 44. Qa8+ Kf7 45. Qxa5 Qxb2
46. Qc7+ Kf6 47. a5 h5 48. h4 Qa1+ 49. Kh2 Qd4 50. Qg3 Kf7 51. Qg5 Qe5+ 52. f4
Qxa5 53. Qxh5+ Kf8 54. Qh6+ Kf7 55. h5 Qe1 56. Qg6+ Kf8 57. Qf6+ Ke8 58. h6 Qe2
59. Qg6+ 1-0

[Event "BL 1314 SG Turm Trier - SV Hockenheim"]
[Site "?"]
[Date "2014.02.22"]
[Round "9.6"]
[White "Kolbus, Dietmar"]
[Black "Ribli, Zoltan"]
[Result "1/2-1/2"]
[WhiteElo "2302"]
[BlackElo "2585"]
[PlyCount "171"]
[EventDate "2014.??.??"]

1. c4 c5 2. Nf3 Nc6 3. d4 cxd4 4. Nxd4 Nf6 5. Nc3 e6 6. a3 Bc5 7. e3 O-O 8. Be2
d5 9. Nxc6 bxc6 10. b4 Bd6 11. O-O Bb7 12. Bb2 e5 13. Qb3 Qe7 14. Rfd1 Rad8 15.
Rac1 h5 16. Bf1 h4 17. Na4 Bc8 18. cxd5 cxd5 19. Nc5 Bg4 20. f3 Bc8 21. Qc2 d4
22. exd4 exd4 23. Bxd4 Bf4 24. Bf2 Bxc1 25. Rxc1 h3 26. g4 Rfe8 27. Bxh3 Qe2
28. Qxe2 Rxe2 29. Bf1 Red2 30. Bg3 Rd1 31. Rxd1 Rxd1 32. Kf2 Rd2+ 33. Ke1 Ra2
34. a4 Nd5 35. b5 Nb6 36. Bb8 Nxa4 37. Bxa7 Nxc5 38. Bxc5 Rxh2 39. Be2 Bb7 40.
Bg1 Rh3 41. Kf2 Rh6 42. Kg3 Re6 43. Kf2 Kf8 44. Bh2 Rh6 45. Kg2 Rh4 46. Kg3 Rh8
47. Kg2 Ke7 48. Bc7 Ra8 49. Kf2 Ra2 50. Ke3 Ra3+ 51. Kf2 Ke6 52. Bb6 Kd5 53.
Be3 Ra2 54. Ke1 Ke5 55. Kf1 Bd5 56. Ke1 Bb3 57. Bd3 f6 58. Be2 Rb2 59. b6 Bd5
60. Kf1 Bc6 61. Ke1 Kd5 62. Bd3 Ke5 63. Be2 Ba4 64. Bd3 Bc6 65. Be2 Bb5 66.
Bxb5 Rxb5 67. Ke2 Kd5 68. Bf2 Kc4 69. Kf1 Kd3 70. Kg2 Rb2 71. Kg3 Ke2 72. Kg2
Rb3 73. f4 Rb5 74. f5 Rb4 75. Kg3 Rc4 76. Bg1 Kf1 77. Be3 Rc3 78. Kf3 Rb3 79.
Ke4 Kg2 80. Bd4 Kh3 81. g5 fxg5 82. Bxg7 Rxb6 83. f6 Rb7 84. Kf5 g4 85. Ke6 g3
86. f7 1/2-1/2

[Event "BL 1314 SG Turm Trier - SV Hockenheim"]
[Site "?"]
[Date "2014.02.22"]
[Round "9.7"]
[White "Banusz, Tamas"]
[Black "Dany, Alexander"]
[Result "1-0"]
[WhiteElo "2593"]
[BlackElo "2110"]
[PlyCount "65"]
[EventDate "2014.??.??"]

1. c4 e6 2. g3 d5 3. Bg2 Nf6 4. Nf3 Be7 5. d4 O-O 6. O-O Nbd7 7. Qd3 b6 8. cxd5
exd5 9. Nc3 c5 10. Bf4 Bb7 11. Rac1 a6 12. dxc5 bxc5 13. Nh4 g6 14. Rfd1 Nb6
15. Bg5 Qc7 16. b4 d4 17. Bf4 Qd7 18. bxc5 Bxc5 19. Nb1 Bxg2 20. Nxg2 Qd5 21.
Bc7 Nbd7 22. Rc2 Rfc8 23. Bf4 g5 24. Bc1 Ne5 25. Qf5 Ne4 26. Ne3 Qe6 27. Qxe4
dxe3 28. Rxc5 exf2+ 29. Kg2 Rxc5 30. Qxa8+ Kg7 31. Be3 Ng4 32. Bxc5 Qxe2 33.
Rf1 1-0